000 00497pab a2200181 454500
008 180718b2007 xxu||||| |||| 00| 0 eng d
100 _aRamesh, P. et al.
245 _aFeasibility of organic farming: a farmers' survey in central Madhya Pradesh
260 _c2007
300 _ap.25-30.
362 _aFeb
650 _aFarmers - India - Madhya Pradesh
650 _aAgriculture - India - Madhya Pradesh
650 _aAgriculture
773 _aKurukshetra
908 _aN
909 _a73177
999 _c73177
_d73177